| 000 | 00707nam a22001817a 4500 | ||
|---|---|---|---|
| 999 |
_c7640 _d7640 |
||
| 003 | AR-CdUCM | ||
| 008 | 190321b ||||| |||| 00| 0 spa d | ||
| 040 |
_aMUNICIPALIDAD PROVINCIAL DEL CUSCO _cBIBLIOTECA MUNICIPAL DEL CUSCO |
||
| 082 |
_a530.07 / _bC96 |
||
| 100 |
_aCustodio Garcia, Andres _921574 |
||
| 245 |
_aFísica : _bNuevas fronteras de la física elemental / |
||
| 260 |
_aLima ; _bAngel Custodio Garcia, _c2010. |
||
| 300 |
_a483 páginas ; _bIlustraciones, _c25 cm. |
||
| 505 | _aAnálisis dimensional -- Análisis vectorial -- Cinemática -- Movimiento rectilíneo uniforme -- Movimiento rectilíneo uniformemente variado ... | ||
| 650 |
_aFísica _92382 |
||
| 942 |
_2ddc _cLIBROS |
||
| 945 | _aacv | ||